000 00392 a2200169 4500
001 44229
020 _a852625734X
040 _cAnchieta - Aquarius
100 _aBraz, Júlio Emílio
240 1 0 _a#A galinha dos ovos de ouro
_lpor
245 1 0 _a#A galinha dos ovos de ouro
300 _a
362 0 _a2005
440 1 _aScipione
650 4 _aLiteratura infanto-juvenil
942 _cBK
999 _c44229
_d44229